000 00874nam a2200229 4500
005 20210816162725.0
008 210816s1993 pe bd||fr|||| 001 0 spa d
040 _aCENDOC CAAAP
_bspa
_cCAAAP
041 _aspa
050 _aHA 1068.RAC
_bP45 1993
245 _aCensos nacionales 1993 :
_bregión Andrés Avelino Cáceres. Primeros resultados del censo poblacional (estadística preliminar)
250 _a1ra ed.
260 _aLima:
_bINEI,
_c1993
300 _a123 p.:
_bgráficas, mapas ;
_c25 cm.
490 _a(Estadística censal regional ;
_v1)
505 _aContiene : Análisis de resultados preliminares -- Crecimiento de población -- Resumen estadístico regional -- Anexos.
650 1 0 _91407
_aCensos
650 2 0 _93296
_aPoblación
650 2 0 _93768
_aVivienda
651 1 0 _93815
_aAndrés Avelino Cáceres (Perú : Región)
942 _2lcc
_b16 - 08 - 21
_cBK
999 _c2205
_d2205